书目信息 |
| 题名: |
医疗卫生领域职务犯罪警示与预防
|
|
| 作者: | 杨恒进 , 戴杰 主编 ;上海市人民检察院 编 | |
| 分册: | ||
| 出版信息: | 上海 上海人民出版社 2017 |
|
| 页数: | 209页 | |
| 开本: | 23cm | |
| 丛书名: | 职务犯罪预防系列丛书 | |
| 单 册: | ||
| 中图分类: | D924.393.4 | |
| 科图分类: | ||
| 主题词: | 医药卫生人员--职务犯罪--预防犯罪--中国 | |
| 电子资源: | ||
| ISBN: | 978-7-208-14857-4 | |
| 000 | 01140oam2 2200289 450 | |
| 001 | 012001003138 | |
| 005 | 20140926114739.0 | |
| 010 | @a978-7-208-14857-4@dCNY70.00 | |
| 100 | @a20180217d2017 em y0chiy50 ea | |
| 101 | 0 | @achi |
| 102 | @aCN@b310000 | |
| 105 | @aa z 000yy | |
| 106 | @ar | |
| 200 | 1 | @a医疗卫生领域职务犯罪警示与预防@9yi liao wei sheng ling yu zhi wu fan zui jing shi yu yu fang@f上海市人民检察院编 |
| 210 | @a上海@c上海人民出版社@d2017 | |
| 215 | @a209页@c彩图@d23cm | |
| 225 | 1 | @a职务犯罪预防系列丛书@h八 |
| 314 | @a主编:杨恒进、戴杰 | |
| 330 | @a本书通过图文并茂的方式以通俗易懂的语言在警示篇中呈现医疗卫生领域典型案例,同时在预防篇中加之调研详实的预防调查报告以充分体现预防作用,最后辅之以相关法律法规希望对相关职务人员既起到警示也起到预防作用。 | |
| 461 | 0 | @12001 @a职务犯罪预防系列丛书 |
| 606 | 0 | @a医药卫生人员@x职务犯罪@x预防犯罪@y中国 |
| 690 | @aD924.393.4@v5 | |
| 701 | 0 | @a杨恒进@9yang heng jin@4主编 |
| 701 | 0 | @a戴杰@9dai jie@4主编 |
| 712 | 02 | @a上海市人民检察院@9shang hai shi ren min jian cha yuan@4编 |
| 801 | 0 | @aCN@b上海新华@c20180901 |
| 905 | @b1154008-12@dD924.393.4@e902@f5 | |
| 医疗卫生领域职务犯罪警示与预防/上海市人民检察院编.-上海:上海人民出版社,2017 |
| 209页:彩图;23cm.-(职务犯罪预防系列丛书.八) |
| ISBN 978-7-208-14857-4:CNY70.00 |
| 本书通过图文并茂的方式以通俗易懂的语言在警示篇中呈现医疗卫生领域典型案例,同时在预防篇中加之调研详实的预防调查报告以充分体现预防作用,最后辅之以相关法律法规希望对相关职务人员既起到警示也起到预防作用。 |
| ● |
| 相关链接 |
|
|
|
|
正题名:医疗卫生领域职务犯罪警示与预防
索取号:D924.393.4/902
 
预约/预借
| 序号 | 登录号 | 条形码 | 馆藏地/架位号 | 状态 | 备注 |
| 1 | 1154008 | 211540082 | 第一样本阅览室/ [索取号:D924.393.4/902] | 在馆 | |
| 2 | 1154009 | 211540091 | 密集书库-史法系/ [索取号:D924.393.4/902] | 在馆 | |
| 3 | 1154010 | 211540108 | 第一借阅区/ [索取号:D924.393.4/902] | 在馆 | |
| 4 | 1154011 | 211540117 | 第一借阅区/ [索取号:D924.393.4/902] | 在馆 | |
| 5 | 1154012 | 211540126 | 第一借阅区/ [索取号:D924.393.4/902] | 在馆 |